[Event "SR 4. liga A21 2016/2017"]
[Site "?"]
[Date "2017.03.12"]
[Round "11.5"]
[White "Stasek, Daniel"]
[Black "Kincel, Jan"]
[Result "1-0"]
[WhiteElo "1600"]
[BlackElo "1984"]
[PlyCount "57"]
[EventDate "2016.??.??"]

1. e4 c5 2. c3 d5 3. exd5 Qxd5 4. Nf3 Nc6 5. Be2 e5 6. d3 Nf6 7. Na3 a6 8. Nc4
Qd8 9. Ncxe5 Nxe5 10. Nxe5 Bd6 11. Nc4 Bc7 12. Bg5 h6 13. Bh4 O-O 14. O-O Be6
15. Bf3 Rb8 16. Ne3 Qd7 17. Bxf6 gxf6 18. d4 cxd4 19. Qxd4 Qe7 20. Qh4 Kg7 21.
Rfe1 Qc5 22. Bd5 Rbe8 23. b4 Qxc3 24. Bxe6 fxe6 25. Rac1 Qe5 26. Ng4 Qf4 27. g3
Qd6 28. Qxh6+ Kf7 29. Qh7# 1-0

[Event "SR 4. liga A21 2016/2017"]
[Site "?"]
[Date "2017.03.12"]
[Round "11.5"]
[White "Podjavorinsky, Peter"]
[Black "Svrcek, Daniel"]
[Result "1-0"]
[WhiteElo "1659"]
[BlackElo "1299"]
[PlyCount "102"]
[EventDate "2016.??.??"]

1. e4 e6 2. d4 d5 3. Nd2 dxe4 4. Nxe4 Nf6 5. Nc3 Nc6 6. Bb5 Bd7 7. Nf3 Bb4 8.
Bd2 O-O 9. O-O Re8 10. a3 Be7 11. Re1 Nd5 12. Ne4 Bf6 13. c3 a6 14. Bd3 b5 15.
Qc2 Nce7 16. Nxf6+ Nxf6 17. Bg5 Ng6 18. Ne5 Nf8 19. Ng4 Qe7 20. Re3 Bc6 21.
Rae1 Bd5 22. Rh3 Ng6 23. f4 Qd8 24. Ne5 Bc4 25. Be4 Bd5 26. Bd3 Bc4 27. Nxc4
bxc4 28. Be4 Rb8 29. Bc6 Rf8 30. Be4 Rb6 31. Rg3 h6 32. Bxg6 fxg6 33. Bxh6 Nh5
34. Rxg6 Rf6 35. Bg5 Kf7 36. Rxf6+ Nxf6 37. Qe2 Qd5 38. Bxf6 gxf6 39. Qc2 Kg7
40. Re3 f5 41. Qf2 Qd8 42. Rg3+ Kf6 43. Re3 Qh8 44. Re2 Rb5 45. Re5 Rb6 46. d5
exd5 47. Rxd5 Kg6 48. Qg3+ Kf6 49. Qg5+ Ke6 50. Qxf5+ Ke7 51. Rd7+ Ke8 1-0

[Event "SR 4. liga A21 2016/2017"]
[Site "?"]
[Date "2017.03.12"]
[Round "11.6"]
[White "Ganzova, Veronika"]
[Black "Danada, Tomas"]
[Result "0-1"]
[WhiteElo "1715"]
[BlackElo "2235"]
[PlyCount "76"]
[EventDate "2016.??.??"]

1. b3 d5 2. Bb2 Bg4 3. g3 Nf6 4. Bg2 Nc6 5. Nf3 Qd7 6. h3 Bf5 7. e3 h6 8. d3
O-O-O 9. Nbd2 g5 10. g4 Bg6 11. Ne5 Nxe5 12. Bxe5 Bg7 13. Qe2 h5 14. O-O-O Ne8
15. Bxg7 Nxg7 16. d4 f6 17. f4 Qd6 18. f5 Qa3+ 19. Kb1 Bf7 20. Ka1 e6 21. fxe6
Bxe6 22. Rdf1 Rd6 23. Nb1 Qa5 24. c3 f5 25. Bf3 fxg4 26. hxg4 h4 27. Rh2 Re8
28. Rhf2 Bd7 29. Qd2 Rde6 30. Re1 Rf8 31. Ref1 Ref6 32. Bd1 Qa6 33. Rxf6 Rxf6
34. Be2 Qd6 35. Rxf6 Qxf6 36. Qe1 Ne8 37. Nd2 Qe6 38. Qf2 Nf6 0-1

[Event "SR 4. liga A21 2016/2017"]
[Site "?"]
[Date "2017.03.12"]
[Round "11.6"]
[White "Kubis, Ivan"]
[Black "Sottnik, Filip"]
[Result "0-1"]
[WhiteElo "1922"]
[BlackElo "1690"]
[PlyCount "176"]
[EventDate "2016.??.??"]

1. e4 e5 2. Nf3 Nc6 3. Bb5 a6 4. Ba4 d6 5. c3 Nf6 6. O-O b5 7. Bc2 Be7 8. h3
O-O 9. Re1 Bb7 10. d4 Re8 11. Nbd2 Qd7 12. d5 Na7 13. b4 c6 14. c4 Qc7 15. Bb3
bxc4 16. Bxc4 cxd5 17. exd5 Bxd5 18. Bxa6 Qb6 19. Bf1 Qxb4 20. Rb1 Qa5 21. a3
Reb8 22. Bb2 Nb5 23. Ra1 Nc7 24. Qc2 Ne6 25. Bc3 Qa7 26. Qf5 Nc5 27. Bb4 Be6
28. Qc2 Rc8 29. Qd1 Qd7 30. Ng5 Bd5 31. Nc4 Na4 32. Rc1 h6 33. Nf3 Qe6 34. Nd4
Qd7 35. Nf3 e4 36. Nd4 Bc6 37. Nxc6 Rxc6 38. Qd2 Nb6 39. Nxb6 Rxb6 40. Ba5 Rb7
41. Rb1 d5 42. Rxb7 Qxb7 43. Bb4 Bxb4 44. axb4 Rb8 45. b5 Qb6 46. Rc1 Rd8 47.
Rc6 Qb7 48. Qa5 Rb8 49. Rc7 Qb6 50. Qc3 Rb7 51. Rxb7 Qxb7 52. Qc6 Qxc6 53. bxc6
Ne8 54. g4 g5 55. Ba6 Kf8 56. Kf1 Ke7 57. Ke2 Kd6 58. Bb7 Nc7 59. f3 exf3+ 60.
Kxf3 Ne6 61. Ke3 Nf4 62. Kd4 f6 63. Ba8 Nxh3 64. c7 Kxc7 65. Bxd5 Kd6 66. Bf3
Nf4 67. Ke4 Ke6 68. Bd1 f5+ 69. gxf5+ Kf6 70. Bb3 h5 71. Bd1 h4 72. Kf3 Kxf5
73. Bc2+ Kf6 74. Kg4 Ne6 75. Be4 Nd4 76. Ba8 Nb5 77. Bb7 Nd6 78. Bh1 Nf7 79.
Be4 Ne5+ 80. Kh3 Kg7 81. Bc2 Kh6 82. Bd1 Nd3 83. Bf3 Nf2+ 84. Kg2 Nd3 85. Kh3
Ne5 86. Bd1 Kg6 87. Ba4 Kf5 88. Bd1 Kf4 0-1

[Event "SR 4. liga A21 2016/2017"]
[Site "?"]
[Date "2017.03.12"]
[Round "11.6"]
[White "Dzurjaninova, Hana"]
[Black "Zajicek, Ferdinand"]
[Result "0-1"]
[WhiteElo "1691"]
[BlackElo "1796"]
[PlyCount "82"]
[EventDate "2016.??.??"]

1. e4 c5 2. Nf3 Nc6 3. d4 cxd4 4. Nxd4 d6 5. Nc3 Nf6 6. Be2 g6 7. Be3 Bg7 8. h3
O-O 9. Qd2 Bd7 10. g4 Qa5 11. Nb3 Qc7 12. O-O-O Be6 13. Bh6 a6 14. Bxg7 Kxg7
15. f4 Rac8 16. g5 Ng8 17. h4 Bxb3 18. axb3 Qa5 19. Na4 Nb4 20. Bd3 b5 21. c3
bxa4 22. Bc2 axb3 23. Qd4+ f6 24. Qxb4 Qxb4 25. cxb4 Rxc2+ 26. Kb1 fxg5 27.
hxg5 Rxf4 28. Rh3 Rcf2 29. Rxb3 Rxe4 30. Rh1 Rfe2 31. Ka2 Rg2 32. Rbh3 Rxg5 33.
Rxh7+ Kf8 34. Ka3 Rgg4 35. Rc1 Rc4 36. Rf1+ Nf6 37. Rh8+ Kg7 38. Ra8 Rxb4 39.
Rxa6 Nd5 40. Rf3 Rge4 41. Rd3 Rbd4 0-1

[Event "SR 4. liga A21 2016/2017"]
[Site "?"]
[Date "2017.03.12"]
[Round "11.6"]
[White "Papanek, Lubomir"]
[Black "Ganz, Marek"]
[Result "1/2-1/2"]
[WhiteElo "1644"]
[BlackElo "1526"]
[PlyCount "95"]
[EventDate "2016.??.??"]

1. e4 e5 2. Nf3 Nc6 3. d4 exd4 4. Bc4 Bb4+ 5. c3 dxc3 6. bxc3 Be7 7. O-O d6 8.
Re1 Nf6 9. e5 dxe5 10. Qxd8+ Nxd8 11. Nxe5 Be6 12. Ba3 Bxa3 13. Nxa3 O-O 14.
Nb5 Bxc4 15. Nxc4 Ne6 16. Rad1 a6 17. Nd4 Nxd4 18. Rxd4 Rfe8 19. Ne3 Rad8 20.
Red1 Rxd4 21. cxd4 Rd8 22. Kf1 Nd5 23. Rb1 b6 24. Rc1 Nxe3+ 25. fxe3 Rd7 26.
Ke2 Kf8 27. a4 a5 28. Rc4 Ke8 29. e4 Re7 30. Kf3 Kd7 31. g4 Re6 32. g5 f6 33.
d5 Rd6 34. h4 fxg5 35. hxg5 h6 36. gxh6 Rxh6 37. e5 Rh5 38. Re4 c6 39. dxc6+
Kxc6 40. Kg4 Rh8 41. Rd4 Rh6 42. Kg5 b5 43. axb5+ Kxb5 44. Rd7 Ra6 45. Rxg7 a4
46. Kf5 a3 47. Rg1 Kb4 48. e6 1/2-1/2

[Event "SR 4. liga A21 2016/2017"]
[Site "?"]
[Date "2017.03.12"]
[Round "11.6"]
[White "Nemcovic, Peter"]
[Black "Mraz, Jan"]
[Result "1-0"]
[WhiteElo "1456"]
[BlackElo "1577"]
[PlyCount "73"]
[EventDate "2016.??.??"]

1. e4 b6 2. Bc4 e6 3. Nc3 Bb7 4. Nf3 g6 5. d4 Bg7 6. O-O Ne7 7. Bf4 d6 8. Re1
Nd7 9. d5 e5 10. Be3 O-O 11. Qd2 f5 12. Bh6 f4 13. Bxg7 Kxg7 14. Ng5 Kh8 15.
Ne6 Qc8 16. Nxf8 Qxf8 17. Be2 Qh6 18. Nb5 Nf6 19. f3 g5 20. Nxc7 Rg8 21. Nb5 g4
22. Nxd6 Qh5 23. Nxb7 Rg6 24. fxg4 Qh4 25. h3 Nh5 26. gxh5 Rg3 27. Bg4 f3 28.
Bxf3 Qxh3 29. d6 Nc6 30. d7 Nd4 31. d8=Q+ Kg7 32. Qe7+ Kg8 33. Qe8+ Kg7 34. h6+
Kf6 35. Qf8+ Ke6 36. Nd8+ Kd7 37. c3 1-0

[Event "SR Extraliga 2016/2017"]
[Site "?"]
[Date "2016.10.22"]
[Round "1.1"]
[White "Vovk, Jurij"]
[Black "Neuman, Petr"]
[Result "1-0"]
[WhiteElo "2596"]
[BlackElo "2423"]
[PlyCount "85"]
[EventDate "2016.??.??"]

1. d4 Nf6 2. c4 g6 3. Nc3 Bg7 4. Nf3 O-O 5. Bg5 c5 6. d5 d6 7. e3 h6 8. Bh4 g5
9. Bg3 Nh5 10. Bd3 f5 11. Qc2 e6 12. dxe6 Bxe6 13. Rd1 Nc6 14. O-O Nxg3 15.
hxg3 a6 16. a3 Qf6 17. Rfe1 Qf7 18. Be2 Rad8 19. Nd5 Kh8 20. Rd2 Bxd5 21. Rxd5
Ne7 22. Rd2 Ng6 23. Red1 Qf6 24. b4 g4 25. Ne1 cxb4 26. axb4 Ne5 27. Nd3 Nxd3
28. Rxd3 Qe7 29. Rd5 Be5 30. c5 Rd7 31. cxd6 Rxd6 32. Qc5 Re6 33. Rd7 Qxc5 34.
bxc5 b5 35. R1d5 Bc3 36. Bd3 Ref6 37. Rb7 Kg8 38. Bc2 R8f7 39. Rxf7 Kxf7 40.
Bxf5 h5 41. Kf1 Rh6 42. Ke2 a5 43. Bd7 1-0

[Event "SR Extraliga 2016/2017"]
[Site "?"]
[Date "2016.10.22"]
[Round "1.2"]
[White "Mazur, Stefan"]
[Black "Stocek, Jiri"]
[Result "1-0"]
[WhiteElo "2446"]
[BlackElo "2556"]
[PlyCount "81"]
[EventDate "2016.??.??"]

1. e4 g6 2. d4 Bg7 3. Nc3 d6 4. Be3 a6 5. f4 b5 6. Bd3 Bb7 7. Nf3 Nd7 8. e5 Nh6
9. Qe2 c5 10. e6 O-O 11. Be4 Bxe4 12. Nxe4 Nb6 13. dxc5 Nc4 14. exf7+ Nxf7 15.
Bd4 d5 16. Nf2 Bxd4 17. Nxd4 e5 18. fxe5 Nfxe5 19. O-O Qh4 20. c3 Rae8 21. Nh3
Qh6 22. Rxf8+ Qxf8 23. b3 Nf7 24. Ne6 Na5 25. Re1 Qe7 26. Nhf4 Qd7 27. Qd2 Nc6
28. Qxd5 Qxd5 29. Nxd5 Kh8 30. Kf1 Nfe5 31. Nd4 Rf8+ 32. Kg1 Rd8 33. Nc7 b4 34.
Nxc6 Nxc6 35. cxb4 Nxb4 36. a3 Rd7 37. axb4 Rxc7 38. Re6 Ra7 39. Kf2 Kg7 40.
Ke3 Kf7 41. Rb6 1-0

[Event "SR Extraliga 2016/2017"]
[Site "?"]
[Date "2016.10.22"]
[Round "1.3"]
[White "Vetoshko, Volodymyr"]
[Black "Rojicek, Vojtech"]
[Result "1-0"]
[WhiteElo "2485"]
[BlackElo "2406"]
[PlyCount "68"]
[EventDate "2016.??.??"]

1. e4 c6 2. d4 d5 3. e5 Bf5 4. Nd2 e6 5. Nb3 Nd7 6. Nf3 Ne7 7. Be2 Nc8 8. O-O
Be7 9. a4 O-O 10. a5 a6 11. Bd3 Bxd3 12. Qxd3 Na7 13. Be3 Nb5 14. c3 f5 15.
exf6 Bxf6 16. Bf4 g5 17. Bg3 g4 18. Nfd2 Qe7 19. Rfe1 Rae8 20. c4 Nd6 21. Rac1
Nxc4 22. Nxc4 dxc4 23. Qxc4 Qf7 24. Re4 e5 25. Rxg4+ Kh8 26. Qxf7 Rxf7 27. Re4
Rfe7 28. dxe5 Nxe5 29. Nc5 Nd7 30. Rxe7 Rxe7 31. Nxb7 Bxb2 32. Rb1 Bc3 33. f3
Ne5 34. Nd6 h5 1-0

[Event "SR Extraliga 2016/2017"]
[Site "?"]
[Date "2016.10.22"]
[Round "1.4"]
[White "Hausner, Ivan"]
[Black "Nayhebaver, Martin"]
[Result "1-0"]
[WhiteElo "2360"]
[BlackElo "2442"]
[PlyCount "117"]
[EventDate "2016.??.??"]

1. c4 Nf6 2. Nc3 g6 3. e4 d6 4. d4 Bg7 5. f4 O-O 6. Nf3 c5 7. d5 e6 8. Be2 exd5
9. cxd5 Bg4 10. O-O Bxf3 11. Bxf3 Nbd7 12. a4 a6 13. Be3 Rb8 14. a5 Ne8 15. Ra2
Nc7 16. Be2 Re8 17. e5 f5 18. e6 Nf6 19. h3 b5 20. axb6 Rxb6 21. g4 Rb4 22. Bf3
Nb5 23. Rxa6 Nd4 24. g5 Nxf3+ 25. Rxf3 Ne4 26. Nxe4 fxe4 27. Rf2 Qb8 28. Ra4
Bxb2 29. Kg2 Bg7 30. Rfa2 Qb5 31. Ra5 Rb2+ 32. Kg3 Qd3 33. Qxd3 exd3 34. Rxb2
Bxb2 35. Kf3 c4 36. Ke4 Bc3 37. Ra6 d2 38. Bxd2 Bxd2 39. Rxd6 Rc8 40. Rd7 Bb4
41. d6 Re8 42. Kd5 c3 43. Rb7 c2 44. Rc7 Rd8 45. d7 Kf8 46. Rxc2 Ke7 47. Rc4
Ba5 48. f5 gxf5 49. Rh4 Rh8 50. g6 Bc3 51. gxh7 Bg7 52. Rc4 Rxh7 53. Rc8 Rh8
54. h4 Bf6 55. h5 Rd8 56. h6 f4 57. Ke4 Rf8 58. Kxf4 Bg7+ 59. Kg5 1-0

[Event "SR Extraliga 2016/2017"]
[Site "?"]
[Date "2016.10.22"]
[Round "1.5"]
[White "Najgebauer, Szemjon"]
[Black "Hrabusa, Matej"]
[Result "1/2-1/2"]
[WhiteElo "2215"]
[BlackElo "2306"]
[PlyCount "74"]
[EventDate "2016.??.??"]

1. d4 d5 2. c4 e5 3. dxe5 d4 4. Nf3 Nc6 5. g3 Nge7 6. Nbd2 Ng6 7. Bg2 Ngxe5 8.
O-O Nxf3+ 9. Nxf3 Bc5 10. Bg5 f6 11. Bf4 O-O 12. Ne1 Re8 13. Nd3 Bf8 14. h3 Be6
15. Rc1 Qd7 16. Kh2 a5 17. Qa4 Qf7 18. Qb5 Nd8 19. Bxc7 Bd7 20. Qb3 Bc6 21.
Bxd8 Raxd8 22. Rc2 a4 23. Qb6 Bxg2 24. Kxg2 Rd6 25. Qb5 Rde6 26. Nf4 Re4 27.
Rd1 Rxf4 28. gxf4 Qg6+ 29. Kh2 Qxc2 30. Qxe8 Qxd1 31. Qe6+ Kh8 32. Qf7 h6 33.
Qxf8+ Kh7 34. Qe8 Qc2 35. Kg2 Qxb2 36. Qe4+ Kg8 37. Qe8+ Kh7 1/2-1/2

[Event "SR Extraliga 2016/2017"]
[Site "?"]
[Date "2016.10.22"]
[Round "1.6"]
[White "Tropp, Oliver"]
[Black "Klemanic, Emil"]
[Result "1/2-1/2"]
[WhiteElo "2230"]
[BlackElo "2182"]
[PlyCount "72"]
[EventDate "2016.??.??"]

1. c4 e5 2. Nc3 Nc6 3. Nf3 g6 4. d4 exd4 5. Nxd4 Bg7 6. Nxc6 bxc6 7. e4 d6 8.
Be2 Ne7 9. Bg5 O-O 10. Qd2 c5 11. h4 Be6 12. h5 Qd7 13. Bh6 Bd4 14. Bxf8 Rxf8
15. Nb5 Bg7 16. Qa5 c6 17. Nc3 f5 18. hxg6 Nxg6 19. O-O-O Bd4 20. f3 fxe4 21.
Nxe4 Nf4 22. Bf1 Qg7 23. Nxd6 Bxb2+ 24. Kc2 Nxg2 25. Bxg2 Qxg2+ 26. Qd2 Qxd2+
27. Rxd2 Bd4 28. Rg2+ Kh8 29. Re2 Bg8 30. Re7 Rxf3 31. Rxa7 Be5 32. Ne4 Bxc4
33. Rhxh7+ Kg8 34. Rhd7 Bd4 35. Nd6 Rf2+ 36. Kd1 Rf1+ 1/2-1/2

[Event "SR Extraliga 2016/2017"]
[Site "?"]
[Date "2016.10.22"]
[Round "1.7"]
[White "Pastir, Stanislav"]
[Black "Macko, Michal"]
[Result "1/2-1/2"]
[WhiteElo "2120"]
[BlackElo "2170"]
[PlyCount "65"]
[EventDate "2016.??.??"]

1. d4 Nf6 2. c4 c5 3. d5 b5 4. Qc2 bxc4 5. e4 e6 6. Bxc4 exd5 7. exd5 Be7 8.
Nf3 O-O 9. O-O d6 10. Nc3 Nbd7 11. Re1 Nb6 12. b3 Nxc4 13. bxc4 Bg4 14. Nd2 Qd7
15. Bb2 Rab8 16. Nce4 Nxe4 17. Nxe4 Bf5 18. Qc3 Rxb2 19. Qxb2 Bxe4 20. Rxe4 Bf6
21. Qc1 Bxa1 22. Qxa1 Qa4 23. Qb1 f5 24. Re6 Qxc4 25. Rxd6 Qd4 26. Qe1 c4 27.
h3 h6 28. Qe6+ Kh7 29. Rc6 c3 30. d6 c2 31. Qc4 Qxc4 32. Rxc4 Rd8 33. Rxc2
1/2-1/2

[Event "SR Extraliga 2016/2017"]
[Site "?"]
[Date "2016.10.22"]
[Round "1.8"]
[White "Motycakova, Monika"]
[Black "Pejko, Otomar"]
[Result "1/2-1/2"]
[WhiteElo "2119"]
[BlackElo "2146"]
[PlyCount "81"]
[EventDate "2016.??.??"]

1. e4 e5 2. Nf3 d6 3. d4 exd4 4. Nxd4 g6 5. Bc4 Bg7 6. O-O Nf6 7. Nc3 O-O 8.
Bg5 h6 9. Bh4 Nc6 10. Nxc6 bxc6 11. Re1 g5 12. Bg3 Ng4 13. h3 Ne5 14. Bxe5 Bxe5
15. Qh5 Qf6 16. Nd1 Kg7 17. c3 Rb8 18. Re2 Re8 19. Ne3 Qg6 20. Qxg6+ Kxg6 21.
Rae1 Rh8 22. Bb3 Ba6 23. Rd2 Bf4 24. g3 Bxe3 25. Rxe3 Rhe8 26. e5 d5 27. Bc2+
Kg7 28. Bf5 Re7 29. f4 f6 30. exf6+ Kxf6 31. Rxe7 Kxe7 32. fxg5 hxg5 33. h4
gxh4 34. gxh4 Rh8 35. Rh2 Kf6 36. Bd7 c5 37. Kf2 d4 38. Bc6 Ke5 39. h5 Rh6 40.
Be8 Bd3 41. Ke1 1/2-1/2

[Event "SR Extraliga 2016/2017"]
[Site "?"]
[Date "2016.10.22"]
[Round "1.1"]
[White "Navara, David"]
[Black "Bulski, Krzysztof"]
[Result "1-0"]
[WhiteElo "2737"]
[BlackElo "2522"]
[PlyCount "71"]
[EventDate "2016.??.??"]

1. d4 d5 2. c4 c6 3. Nc3 Nf6 4. e3 e6 5. Nf3 Nbd7 6. Qc2 b6 7. b3 Bb7 8. Bd3
Be7 9. O-O Rc8 10. Rd1 Qc7 11. Bb2 h6 12. e4 dxe4 13. Nxe4 Nxe4 14. Bxe4 O-O
15. c5 Ba6 16. Rac1 bxc5 17. dxc5 Rfd8 18. b4 Nf6 19. Be5 Qb7 20. a3 Nxe4 21.
Qxe4 Rd5 22. Rxd5 cxd5 23. Qg4 Bf8 24. Nd4 Bb5 25. Rc3 Be8 26. h4 h5 27. Qg3 a6
28. Rf3 a5 29. Qg5 axb4 30. Rg3 bxa3 31. Kh2 Qb1 32. Qf6 Qh7 33. Nxe6 Rc6 34.
Nxf8 Kxf8 35. Bd6+ Kg8 36. Qe7 1-0

[Event "SR Extraliga 2016/2017"]
[Site "?"]
[Date "2016.10.22"]
[Round "1.2"]
[White "Tazbir, Marcin"]
[Black "Markos, Jan"]
[Result "1/2-1/2"]
[WhiteElo "2521"]
[BlackElo "2572"]
[PlyCount "37"]
[EventDate "2016.??.??"]

1. c4 Nf6 2. g3 c6 3. Bg2 d5 4. Qc2 g6 5. Nf3 Bg7 6. O-O O-O 7. b3 Bf5 8. d3
Qc8 9. Re1 Bh3 10. Bb2 Bxg2 11. Kxg2 dxc4 12. dxc4 c5 13. e4 Nc6 14. e5 Nb4 15.
Qe2 Nh5 16. a3 Nc6 17. Nc3 f5 18. h3 b6 19. Rad1 1/2-1/2

[Event "SR Extraliga 2016/2017"]
[Site "?"]
[Date "2016.10.22"]
[Round "1.3"]
[White "Babula, Vlastimil"]
[Black "Kantorik, Marian"]
[Result "1-0"]
[WhiteElo "2545"]
[BlackElo "2251"]
[PlyCount "93"]
[EventDate "2016.??.??"]

1. d4 Nf6 2. c4 c5 3. d5 e6 4. Nc3 exd5 5. cxd5 d6 6. Nf3 g6 7. Nd2 Bg7 8. e4
O-O 9. Be2 a6 10. a4 Re8 11. O-O Nbd7 12. Ra3 Rb8 13. a5 b5 14. axb6 Qxb6 15.
Qc2 Bb7 16. h3 Qc7 17. Bxa6 Bxa6 18. Rxa6 Nb6 19. b3 Qc8 20. Ra5 Qd7 21. Bb2
Nh5 22. Nd1 Bxb2 23. Nxb2 Nf4 24. Nd3 Ne2+ 25. Kh2 Nd4 26. Qc3 f5 27. f3 fxe4
28. fxe4 Qg7 29. Kh1 Nd7 30. Ra7 Re7 31. Nc4 Qh6 32. Nxd6 Qe3 33. Nc4 Qg3 34.
d6 Rxe4 35. Rxd7 Re2 36. Ne3 Rxg2 37. Qc4+ Kh8 38. Nxg2 Qxh3+ 39. Kg1 Qxd7 40.
Ne5 Qh3 41. d7 Qg3 42. d8=Q+ Rxd8 43. Nf7+ Kg7 44. Nxd8 Nf3+ 45. Rxf3 Qxf3 46.
Ne6+ Kf6 47. Nxc5 1-0

[Event "SR Extraliga 2016/2017"]
[Site "?"]
[Date "2016.10.22"]
[Round "1.4"]
[White "Haring, Viktor"]
[Black "Mrva, Martin"]
[Result "0-1"]
[WhiteElo "2146"]
[BlackElo "2403"]
[PlyCount "50"]
[EventDate "2016.??.??"]

1. e4 d6 2. d4 g6 3. Nc3 Bg7 4. Be3 a6 5. h3 b5 6. a3 Bb7 7. f4 Nd7 8. Nf3 c5
9. dxc5 Nxc5 10. e5 Nh6 11. Be2 Ne6 12. g4 dxe5 13. fxe5 Qc7 14. Nd5 Qc6 15.
Nf4 Rd8 16. Qc1 Nd4 17. Bxd4 Rxd4 18. O-O Re4 19. Bd3 Qc5+ 20. Kh2 Re3 21. b4
Qb6 22. Kg3 Bxe5 23. c4 g5 24. c5 Qf6 25. Qxe3 gxf4+ 0-1

[Event "SR Extraliga 2016/2017"]
[Site "?"]
[Date "2016.10.22"]
[Round "1.5"]
[White "Gazik, Viktor"]
[Black "Haring, Filip"]
[Result "1-0"]
[WhiteElo "2429"]
[BlackElo "2098"]
[PlyCount "91"]
[EventDate "2016.??.??"]

1. Nf3 d5 2. g3 c6 3. Bg2 Bg4 4. O-O Nd7 5. d3 Ngf6 6. Nbd2 e6 7. b3 Be7 8. Bb2
a5 9. e4 dxe4 10. dxe4 a4 11. h3 Bh5 12. Qe2 a3 13. Bc3 Bg6 14. Rad1 Qc7 15.
Nh4 b5 16. f4 Nh5 17. Qg4 Qb6+ 18. Kh2 Qe3 19. Rf3 Qe2 20. Rd3 Qxg4 21. hxg4
Nhf6 22. Bf3 h5 23. Nxg6 fxg6 24. gxh5 Nc5 25. Re3 O-O-O 26. Kg2 gxh5 27. Bb4
h4 28. Rc3 Nfd7 29. Bxa3 hxg3 30. Nf1 Kc7 31. e5 Ra8 32. b4 Ra4 33. bxc5 b4 34.
Bxb4 Rxb4 35. Rd6 Bxd6 36. cxd6+ Kd8 37. Bxc6 Rxf4 38. Bb7 Nb6 39. Rc6 Rf2+ 40.
Kxg3 Rxf1 41. Rxb6 Rh6 42. Bc6 Rg6+ 43. Kh2 Rf2+ 44. Kh3 Kc8 45. Ra6 Rh6+ 46.
Kg3 1-0

[Event "SR Extraliga 2016/2017"]
[Site "?"]
[Date "2016.10.22"]
[Round "1.6"]
[White "Magat, Jozef"]
[Black "Gazik, Igor"]
[Result "0-1"]
[WhiteElo "2068"]
[BlackElo "2302"]
[PlyCount "130"]
[EventDate "2016.??.??"]

1. d4 Nf6 2. c4 g6 3. Nc3 Bg7 4. Nf3 O-O 5. g3 d5 6. cxd5 Nxd5 7. Bg2 c5 8. O-O
cxd4 9. Nxd4 Nxc3 10. bxc3 Qa5 11. Qb3 Nd7 12. Ba3 Re8 13. Rac1 a6 14. Rfd1 Qh5
15. Qd5 e5 16. Nf3 Nf6 17. Qa5 Bh3 18. Bh1 Bf5 19. Rd2 Bh6 20. e3 Be4 21. Nh4
g5 22. Rd6 Bxh1 23. Rxf6 gxh4 24. Kxh1 Bg7 25. g4 Qxg4 26. Rg1 Qe4+ 27. f3 Qxe3
28. Qc7 Qxg1+ 29. Kxg1 Bxf6 30. Qxb7 Bg7 31. Bd6 Rad8 32. Qc7 Bf6 33. Kg2 Re6
34. Bb4 Rd2+ 35. Kh3 Kg7 36. c4 Rd3 37. Kg2 Bd8 38. Qc5 Be7 39. Qa5 Rg6+ 40.
Kf2 Bxb4 41. Qxb4 Rf6 42. c5 Rdxf3+ 43. Ke2 Rf2+ 44. Ke1 Rc2 45. Qxh4 Rxc5 46.
Qg5+ Rg6 47. Qe7 Rd5 48. h4 h6 49. Qb7 Rdd6 50. Qb8 e4 51. h5 Rgf6 52. Ke2 Rde6
53. Qg3+ Kh7 54. Qb8 e3 55. Qb1+ Kg7 56. Qb2 Kf8 57. Qb8+ Re8 58. Qb4+ Kg8 59.
Qg4+ Kh7 60. Qd7 Rf2+ 61. Ke1 Re5 62. Qd3+ Kg7 63. Qd4 Rff5 64. Qg4+ Rg5 65.
Qc8 e2 0-1

[Event "SR Extraliga 2016/2017"]
[Site "?"]
[Date "2016.10.22"]
[Round "1.7"]
[White "Skreno, Vladimir"]
[Black "Vrchovsky, Viliam"]
[Result "1-0"]
[WhiteElo "2216"]
[BlackElo "2016"]
[PlyCount "87"]
[EventDate "2016.??.??"]

1. d4 d5 2. Nf3 Nf6 3. c4 e6 4. cxd5 exd5 5. Nc3 Be7 6. Bg5 c6 7. Bxf6 Bxf6 8.
e3 O-O 9. Be2 Re8 10. O-O Nd7 11. b4 Nf8 12. Qb3 Be6 13. Na4 b6 14. Rac1 Rc8
15. Rc3 Rc7 16. Rfc1 Qd7 17. Nb2 Ng6 18. Qa4 Qe7 19. Qb3 Bd7 20. R3c2 Rd8 21.
Na4 Nh4 22. Nxh4 Bxh4 23. Bf3 Bf5 24. Rxc6 Rxc6 25. Rxc6 Qd7 26. b5 Be7 27. Nc3
Be6 28. g3 g5 29. a4 g4 30. Bg2 h5 31. Ne2 h4 32. gxh4 Bxh4 33. Nf4 Qe7 34. Qc2
Rd6 35. Nxe6 Rxe6 36. Qf5 Qf6 37. Rc8+ Kg7 38. Qxg4+ Qg6 39. Qxg6+ Rxg6 40. Kf1
Rf6 41. f4 Rh6 42. Bxd5 Bf6 43. Kg2 Rg6+ 44. Kf3 1-0

[Event "SR Extraliga 2016/2017"]
[Site "?"]
[Date "2016.10.22"]
[Round "1.8"]
[White "Kollar, Vladimir"]
[Black "Pcola, Jaroslav"]
[Result "1/2-1/2"]
[WhiteElo "1909"]
[BlackElo "2046"]
[PlyCount "24"]
[EventDate "2016.??.??"]

1. c4 c5 2. Nc3 g6 3. g3 Bg7 4. Bg2 Nc6 5. Nf3 Nh6 6. O-O Nf5 7. b3 O-O 8. Bb2
e6 9. Ne1 Rb8 10. Nc2 a6 11. Qc1 d6 12. d3 Qc7 1/2-1/2

[Event "SR Extraliga 2016/2017"]
[Site "?"]
[Date "2016.10.22"]
[Round "1.1"]
[White "Ftacnik, Lubomir"]
[Black "Druska, Juraj"]
[Result "1-0"]
[WhiteElo "2552"]
[BlackElo "2457"]
[PlyCount "117"]
[EventDate "2016.??.??"]

1. d4 Nf6 2. Nf3 e6 3. c4 c5 4. e3 b6 5. Nc3 Bb7 6. d5 exd5 7. cxd5 d6 8. Bd3
Be7 9. e4 O-O 10. O-O Re8 11. Re1 Nbd7 12. h3 a6 13. a4 Bf8 14. Bf4 Nh5 15. Bg5
Be7 16. Bd2 g6 17. g4 Ng7 18. Bf4 h5 19. Bf1 hxg4 20. hxg4 Bc8 21. Bg2 Nf6 22.
Nh2 Ra7 23. Bd2 Nd7 24. f4 g5 25. Nf3 gxf4 26. Bxf4 Nf8 27. Bh3 Ng6 28. Bg3 Bf6
29. Qd2 Rae7 30. Qh6 Bxc3 31. bxc3 Rxe4 32. Rxe4 Rxe4 33. Ng5 Re3 34. Bf2 Re5
35. Qh7+ Kf8 36. Nxf7 Kxf7 37. Rf1 Qf6 38. Bg3 Qxf1+ 39. Bxf1 Rg5 40. Be2 Bxg4
41. Bxg4 Rxg4 42. Qh3 Ne5 43. Kf2 Rg5 44. Qc8 Ng4+ 45. Kf3 Nf6 46. c4 Nf5 47.
Bxd6 Nxd6 48. Qc7+ Kg6 49. Qxd6 b5 50. axb5 axb5 51. cxb5 Rxd5 52. Qc6 Rd3+ 53.
Ke2 Rb3 54. b6 c4 55. b7 Rb2+ 56. Kd1 c3 57. Qc8 Rd2+ 58. Kc1 Nd7 59. Qxc3 1-0

[Event "SR Extraliga 2016/2017"]
[Site "?"]
[Date "2016.10.22"]
[Round "1.2"]
[White "Leniart, Arkadiusz"]
[Black "Antal, Gergely"]
[Result "1/2-1/2"]
[WhiteElo "2491"]
[BlackElo "2541"]
[PlyCount "51"]
[EventDate "2016.??.??"]

1. d4 d5 2. c4 c6 3. Nf3 Nf6 4. Nc3 dxc4 5. a4 Bf5 6. Ne5 Nbd7 7. Nxc4 Nb6 8.
Ne3 e6 9. a5 Nbd5 10. Ncxd5 Nxd5 11. Nxf5 exf5 12. e3 Be7 13. Bc4 O-O 14. O-O
Qd7 15. Qb3 Nf6 16. Bd2 Ne4 17. Be1 Rad8 18. f3 Nd6 19. Be2 Bf6 20. Bf2 Rfe8
21. Rfe1 a6 22. Rad1 Qc7 23. Qa4 Nb5 24. Bf1 Qd6 25. Bg3 Qe7 26. Qb3 1/2-1/2

[Event "SR Extraliga 2016/2017"]
[Site "?"]
[Date "2016.10.22"]
[Round "1.3"]
[White "Pacher, Milan"]
[Black "Manik, Mikulas"]
[Result "1/2-1/2"]
[WhiteElo "2493"]
[BlackElo "2440"]
[PlyCount "30"]
[EventDate "2016.??.??"]

1. d4 Nf6 2. c4 g6 3. Nc3 Bg7 4. e4 d6 5. Nf3 O-O 6. Be2 e5 7. dxe5 dxe5 8.
Qxd8 Rxd8 9. Bg5 c6 10. Nxe5 Re8 11. O-O-O Na6 12. f4 h6 13. Bxf6 Bxf6 14. Bf3
Bxe5 15. fxe5 Nc5 1/2-1/2

[Event "SR Extraliga 2016/2017"]
[Site "?"]
[Date "2016.10.22"]
[Round "1.4"]
[White "Mikrut, Dariusz"]
[Black "Stohl, Igor"]
[Result "1/2-1/2"]
[WhiteElo "2386"]
[BlackElo "2495"]
[PlyCount "26"]
[EventDate "2016.??.??"]

1. d4 Nf6 2. c4 e6 3. Nf3 b6 4. a3 Bb7 5. Nc3 d5 6. cxd5 Nxd5 7. e3 g6 8. Bb5+
c6 9. Bd3 Bg7 10. e4 Nxc3 11. bxc3 c5 12. Bg5 Qd6 13. O-O O-O 1/2-1/2

[Event "SR Extraliga 2016/2017"]
[Site "?"]
[Date "2016.10.22"]
[Round "1.5"]
[White "Zetocha, Claudiu"]
[Black "Kusiak, Matej"]
[Result "1-0"]
[WhiteElo "2333"]
[BlackElo "2355"]
[PlyCount "81"]
[EventDate "2016.??.??"]

1. Nf3 g6 2. d4 Bg7 3. c4 d6 4. Nc3 Bg4 5. h3 Bxf3 6. exf3 c6 7. Be3 Nf6 8. Bd3
Nbd7 9. O-O O-O 10. f4 e6 11. Qb3 Qb6 12. Qa3 d5 13. c5 Qc7 14. b4 Nh5 15. Ne2
b6 16. Qc1 a5 17. g4 Nhf6 18. a3 axb4 19. axb4 Qb7 20. Qc3 Ne4 21. Qc2 Nef6 22.
Rfc1 bxc5 23. bxc5 Rfb8 24. Rcb1 Rxa1 25. Rxa1 Ne8 26. Qa4 Kf8 27. Qd1 Ra8 28.
Rb1 Qc7 29. Kg2 Ke7 30. Rb3 Qa5 31. h4 Qa1 32. Rb1 Qa3 33. Ng3 Ra4 34. Ne2 Nef6
35. Bc1 Qa2 36. Nc3 Qxb1 37. Bxb1 Rc4 38. Bb2 h5 39. g5 Ng4 40. Ne2 Nxc5 41.
Ba3 1-0